<?xml version="1.0" encoding="UTF-8"?>
<marc:record xmlns:marc="http://www.loc.gov/MARC21/slim">
   <marc:leader>00000nam a2200000 a 4500</marc:leader>
   <marc:datafield ind1="1" ind2=" " tag="100">
      <marc:subfield code="a">Bradley, Alan</marc:subfield>
      <marc:subfield code="4">aut</marc:subfield>
      <marc:subfield code="e">Verfasser/-in</marc:subfield>
   </marc:datafield>
   <marc:datafield ind1="0" ind2="0" tag="245">
      <marc:subfield code="a">Tote Vögel singen nicht</marc:subfield>
   </marc:datafield>
   <marc:datafield ind1="0" ind2="0" tag="245">
      <marc:subfield code="c">Alan Bradley</marc:subfield>
   </marc:datafield>
   <marc:datafield ind1=" " ind2="1" tag="264">
      <marc:subfield code="a">Gütersloh u. a.</marc:subfield>
      <marc:subfield code="b">Blanvalet</marc:subfield>
      <marc:subfield code="c">2016</marc:subfield>
   </marc:datafield>
   <marc:datafield ind1="1" ind2=" " tag="490">
      <marc:subfield code="a">Flavia De Luce</marc:subfield>
      <marc:subfield code="v">6</marc:subfield>
   </marc:datafield>
   <marc:datafield ind1=" " ind2=" " tag="250">
      <marc:subfield code="a">2.Aufl.</marc:subfield>
   </marc:datafield>
   <marc:datafield ind1="1" ind2=" " tag="520">
      <marc:subfield code="a">Es ist ein Frühlingsmorgen im Jahr 1951. Flavia de Luce hat sich mit ihrer Familie am Bahnhof von Bishop&#x92;s Lacey eingefunden, um die Heimkehr ihrer beim Bergsteigen in Tibet verschollenen Mutter Harriet zu erwarten. Als der Zug einfährt, nähert sich ein großer Fremder der elfjährigen Hobbydetektivin und flüstert ihr eine kryptische Botschaft zu. Einen Augenblick später ist der Mann tot &#x96; jemand aus der Menschenmenge hat ihn offenbar vor den Zug gestoßen. Ein neuer Fall für Flavia de Luce, die sich dieses Mal sogar in die Lüfte schwingt, um einen Killer zur Strecke zu bringen, und die endlich die Wahrheit erfährt über die Vergangenheit ihrer Mutter</marc:subfield>
   </marc:datafield>
   <marc:datafield ind1=" " ind2=" " tag="500">
      <marc:subfield code="a">A.d.Engl.</marc:subfield>
   </marc:datafield>
   <marc:datafield ind1=" " ind2=" " tag="300">
      <marc:subfield code="a">315 S.</marc:subfield>
   </marc:datafield>
</marc:record>
